Statistics for RuPaul's Drag Race All Stars Contestants

Click here to take the quiz!

General Stats

  • This quiz has been taken 497 times
    (398 since last reset)
  • The average score is 44 of 50

Answer Stats

Queen% Correct
Alaska
98%
Manila Luzon
98%
Detox
97%
Jujubee
97%
Jujubee
97%
Latrice Royale
97%
Chad Michaels
96%
Katya
96%
Trixie Mattel
96%
Alyssa Edwards
95%
Monét X Change
95%
Roxxxy Andrews
95%
Alexis Mateo
94%
Alexis Mateo
94%
Coco Montrese
94%
Shangela
94%
Trinity The Tuck
94%
Raven
93%
Shea Couleé
93%
BenDeLaCreme
92%
Ginger Minj
92%
Kennedy Davenport
91%
Monique Heart
91%
Bebe Zahara Benet
88%
Pandora Boxx
88%
Naomi Smalls
87%
Phi Phi O'Hara
87%
Adore Delano
86%
Tatianna
86%
Valentina
86%
Yara Sofia
86%
Aja
85%
Mimi Imfurst
85%
Farrah Moan
84%
Miz Cracker
84%
Shannel
84%
Tammie Brown
84%
Blair St. Clair
83%
Gia Gunn
83%
India Ferrah
83%
Milk
82%
Nina Flowers
82%
Thorgy Thor
80%
Ongina
79%
Chi Chi DeVayne
78%
Morgan McMichaels
77%
Derrick Barry
76%
Mayhem Miller
76%
Jasmine Masters
74%
Mariah Paris Balenciaga
65%

Score Distribution

Percentile by Number Answered

Percent of People with Each Score

Your Score History

You have not taken this quiz since the last reset